Clinical Pharmacology/ (Record no. 115169)

MARC details
000 -LEADER
fixed length control field 00672nam a2200241 a 4500
008 - FIXED-LENGTH DATA ELEMENTS--GENERAL INFORMATION
fixed length control field
020 ## - INTERNATIONAL STANDARD BOOK NUMBER
International Standard Book Number 0443064806 (pbk.)
049 ## - LOCAL HOLDINGS (OCLC)
Holding library MAIN
090 ## - LOCALLY ASSIGNED LC-TYPE CALL NUMBER (OCLC); LOCAL CALL NUMBER (RLIN)
Classification number (OCLC) (R) ; Classification number, CALL (RLIN) (NR) RM301
Local cutter number (OCLC) ; Book number/undivided call number, CALL (RLIN) BEN.
003 - CONTROL NUMBER IDENTIFIER
control field
005 - DATE AND TIME OF LATEST TRANSACTION
control field 20230120204005.0
040 ## - CATALOGING SOURCE
Transcribing agency NUST
100 1# - MAIN ENTRY--PERSONAL NAME
Personal name Bennett, P.N.
245 10 - TITLE STATEMENT
Title Clinical Pharmacology/
Statement of responsibility, etc. P.N. Bennett and M.J. Brown.
260 ## - PUBLICATION, DISTRIBUTION, ETC.
Place of publication, distribution, etc. Edinburgh, :
Name of publisher, distributor, etc. Churchill Livingstone,
Date of publication, distribution, etc. 2003.
300 ## - PHYSICAL DESCRIPTION
Extent 9th ed.
300 ## - PHYSICAL DESCRIPTION
Extent xiv, 789 p. :
Other physical details ill. ;
Dimensions 25 cm.
500 ## - GENERAL NOTE
General note Includes index.
650 #1 - SUBJECT ADDED ENTRY--TOPICAL TERM
Topical term or geographic name entry element Clinical pharmacology.
700 ## - ADDED ENTRY--PERSONAL NAME
Personal name Brown, M. J.
907 ## - LOCAL DATA ELEMENT G, LDG (RLIN)
a .b10257214
b 17-09-10
c 11-11-08
942 ## - ADDED ENTRY ELEMENTS (KOHA)
Koha item type Ordinary Loan Books
Call number prefix RM301
Call number suffix BEN.
Holdings
Date last seen Total Checkouts Full call number Barcode Cost, replacement price Price effective from Koha item type Lost status Source of classification or shelving scheme Damaged status Not for loan Collection Withdrawn status Home library Current library Shelving location Date acquired Cost, normal purchase price
01/20/2023   RM301 BEN 92004010123 80.00 01/20/2023 BOOKS   LCC     NFIC   Medical Medical GEN 01/20/2023 80.00